MARC

LEADER 00000nam0a2200000 4500
001 249517
005 20231101232500.0
035 |a (RuTPU)RU\TPU\book\271606 
090 |a 249517 
100 |a 20140205d1988 k y0rusy50 ca 
101 0 |a rus 
102 |a RU 
105 |a a z 001zy 
200 1 |a Геолого-петрологические исследования Юго-Восточной Тувы  |e сборник научных трудов  |f Академия наук СССР (АН СССР), Сибирское отделение (СО), Институт геологии и геофизики (ИГиГ) ; под ред. В. А. Соловьева 
210 |a Новосибирск  |c Изд-во ин-та геологии и геофизики  |d 1988 
215 |a 123 с.  |c ил. 
320 |a Библиография в конце докладов. 
606 1 |a Петрология  |x Исследования  |2 stltpush  |3 (RuTPU)RU\TPU\subj\48711  |9 67557 
610 1 |a геология 
610 1 |a петрографические исследования 
610 1 |a Тува 
610 1 |a метаморфизм 
610 1 |a магматизм 
610 1 |a докембрий 
610 1 |a тектонические деформации 
675 |a 552.08  |v 3 
702 1 |a Соловьев  |b В. А.  |4 340 
712 0 2 |a Академия наук СССР (АН СССР)  |b Сибирское отделение (СО)  |b Институт геологии и геофизики (ИГиГ)  |c (Новосибирск)  |2 stltpush  |3 (RuTPU)RU\TPU\col\128 
801 1 |a RU  |b 63413507  |c 20140205 
801 2 |a RU  |b 63413507  |c 20140211  |g RCR 
942 |c BK